000 00297 a2200133 4500
001 157080
040 _cEscola São Tomás de Aquino
100 _aMACHADO, Ana Maria
240 1 0 _aMico Maneco
_lpor
245 1 0 _aMico Maneco
440 1 _aModerna
697 _a*LITERATURA INFANTIL
942 _cBK
999 _c157080
_d157080